Päť súčasných dánských výtvarníkov : Slovenská národná galéria 7. máj - 14. jún 1992 /

Další autoři: Žišková, Tamara, 1947-
Jazyk: Dánština
Slovenština
Vydáno: Bratislava : Slov. národná galéria, 1992
Fyzický popis: 31 s. : barev. il. ; 4°
Language note: Souběžný dánský text
Knihy
Uloženo v:
LEADER 00830nam a22002292a 4500
001 001706933
003 CZ BrMZK
005 20190916085423.0
007 ta
008 190916s1992 xo er|||||||||||slo d
020 |a 80-85188-23-6 
040 |a ABA001  |b cze  |c ABA001  |d ABA001  |d BOA001 
041 1 |a slo  |a dan 
245 0 0 |a Päť súčasných dánských výtvarníkov :  |b Slovenská národná galéria 7. máj - 14. jún 1992 /  |c autori: kol. ; zost. kat. Tamara Žišková 
260 |a Bratislava :  |b Slov. národná galéria,  |c 1992 
300 |a 31 s. :  |b barev. il. ;  |c 4° 
546 |a Souběžný dánský text 
700 1 |a Žišková, Tamara,  |d 1947-  |7 xx0120507  |4 com 
910 |a BOA001  |b X2-0981.883 
990 |a BK 
991 |b 201909 
996 6 |b 2618820002  |c X2-0981.883  |l MZK  |r Sklad / do 24 hodin  |n 0  |w 001754664  |u 000010  |a 1  |e BOA001  |j MZK50  |s P